000 00729nam a2200205Ia 4500
001 Z_595
008 220601s9999 xx 000 0 und d
090 _aTesis P 189
100 _aPérez Villegas, Luis Rafael
_990096
245 _aSistemas de cosechas en gramíneas y leguminosas forrajeras tropicales / por Luis Rafael Pérez Villegas
260 _aChapingo, Méx. : El autor
300 _a65 h.
502 _aTesis (Ing. Agrónomo Esp. en Zootecnia) -- UACH. Departamento de Zootecnia
650 _a1. Pastos - Trópicos 2. Leguminosas - Trópicos 3. ForrajesÌ
_9177366
901 _aTESIS P 189
902 _aM
905 _a0000001980 0000000000 00
942 _c2
999 _c216839
_d216839